Регионална библиотека "Любен Каравелов" - Русе

Пражката пролет и Държавна сигурност (Запис номер 107476)

MARC детайли
000 -Лидер
Контролно поле с фиксирана дължина 02532nam a2200445 c 4500
003 - Код на организацията, давaща контролен номер
Контролно поле BLK
005 - Дата и час на последна редакция
Контролно поле 20210201155729.0
008 - Елементи от данни с фиксирана дължина
fixed length control field 180409b bul|||||r ||||||| ||bul||
010 ## - Наследен системен номер
LC control number KNG00112764000
020 ## - Международен стандартен номер на книга ISBN
Международен стандартен номер на книга ISBN 978-954-92467-6-6
040 ## - Източник на каталожния запис
Идентификатор на билиотеката - собственик на записа BLK
041 ## - Код за език
Код за езика на текст/звукозапис или на отделно заглавие Български
Код за езика КДБФ Български
072 #7 - Код за тематичната категория
Код организация bullib
Код за тематична категория Н35
Текст Обществено управление. Военни науки Н
080 ## - УДК
Текстов определител УДК Органи на обществения ред. Полиция. Обществена власт. Доброволни отреди. Държавна сигурност. Милиция. Дейност на полицията по вътрешно разузнаване
УДК код - определител по УДК 351.74
УДК определител (497.2)(093.2)
УДК - код + определител 351.74(497.2)(093.2)
080 ## - УДК
Текстов определител УДК Международни политически отношения. Световна политика. Международна политика. Дипломация
УДК код - определител по УДК 327
УДК определител (437+497.2)
УДК - код + определител 327(437+497.2)
139 ## - Редно поле
Редна дума България. Министерство на вътр. работи. Дирекция Държавна сигурност
Авторски знак Бъл - Б 92
245 10 - Сведения за заглавието
Заглавие Пражката пролет и Държавна сигурност
Подзаглавни данни Документален сб.
Редно поле (дума) ред. Георги Георгиев; ред. Трифон Трифонов.
246 11 - Различни форми на заглавието
Паралелно заглавие The Prague Spring and State Security
257 ## - Страна на издаване
Страна на създаване/издаване България
260 ## - Област на издателските данни
Име на издателя, разпространителя и проч. Комис. за разкриване на док. и за обявяване на ...
Година на издаване 2011
Печатница София : печ. Воен. изд.
Място на издаване, разпространение и проч. София
300 ## - Физическа характеристика
Страници 524 с.
Размери/Мащаб 30 см
380 ## - Жанр
Жанр Обществени науки
490 ## - СЕРИИ (Колекции)
Име на серия Из архивите на ДС
№: серия 7
9 (RLIN) 205418
650 #4 - Допълнително описание по предмет – тема
Основно описание – тема или топоним Държавна сигурност - България
9 (RLIN) 254494
650 #4 - Допълнително описание по предмет – тема
Основно описание – тема или топоним Пражка пролет 1968
9 (RLIN) 167498
651 #4 - Допълнително описание по предмет - топоним
Географско понятие България
9 (RLIN) 241624
651 #4 - Допълнително описание по предмет - топоним
Географско понятие Чехословакия
9 (RLIN) 287654
653 ## - Ключова дума – ненормативна
Ключова дума държавна сигурност
653 ## - Ключова дума – ненормативна
Ключова дума военни действия
653 ## - Ключова дума – ненормативна
Ключова дума агентурно разузнаване
659 ## - Тематичен бюлетин
Тематичен бюлетин Н
700 1# - Други автори (авторска отговорност)
Лично име Георгиев, Георги
Автороска отговорност (Описва отношението между автора и произведението) ред.
Друга информация Стоянов, Георги Георгиев
9 (RLIN) 363547
700 1# - Други автори (авторска отговорност)
Лично име Трифонов, Трифон
Автороска отговорност (Описва отношението между автора и произведението) ред.
9 (RLIN) 366273
710 1# - Име на организация или юридическо лице като допълнителен термин за търсене
Наименование на организация или юридическо лице като редна дума България. Министерство на вътр. работи. Дирекция Държавна сигурност
9 (RLIN) 292982
852 ## - Местоположение
Форматна сигнатура Цб ІІ 17268
856 4# - Електронен адрес и достъп
Електронен формат pdf - файл
856 4# - Електронен адрес и достъп
Електронен формат pdf - файл
999 ## - СИСТЕМНИ КОНТРОЛНИ НОМЕРА
Koha biblionumber 107476
Koha biblioitemnumber 107476
942 ## - АРТИКУЛИ
Вид на библиотечния материал Книги
Скрит в OPAC Не
Периодичен библиозапис Да
944 ## - СЪЗДАВАНЕ И РЕДАКЦИЯ на ЗАПИСА
Създаване/Редакция Създаване
Дата на регистрацията/редакция 29.05.2012
Служител, извършил регистрацията/редакцията Симона_Петрова
944 ## - СЪЗДАВАНЕ И РЕДАКЦИЯ на ЗАПИСА
Създаване/Редакция Редакция
Дата на регистрацията/редакция 16.06.2014
999 ## - СИСТЕМНИ КОНТРОЛНИ НОМЕРА
Koha biblioitemnumber 107476
Наличности
Код за отписване Код за изгубен артикул Код за повреда Коз за рестрикции Код за отдаване Артикулен № Име на библиотеката - собственик Име на библиотеката, в която се намира в момента Статус (Текущо местоположение) Дата на вписване в системата Местоположение - отдел Цена в лева Инвентарен номер Систематично азбучна сигнатура Баркод Номер на екземпляра Цена в евро Служебна бележка Служебен тип на артикула Източник на класификационната схема
  Не е изгубен Не е повреден без рестрикции заемане за дома 173429 Регионална библиотека "Любен Каравелов" Русе Регионална библиотека "Любен Каравелов" Русе Заемна - подръчен фонд 2012-05-29 Заемна - подръчен фонд 25.00 120000757856 П 351/Б 92 120000757856 1 12.78 Дост: DA Вид: А N: 8 Дата: 28.05.2012 Дата инв: 07.02.2018 Бележки инв: П2018 Книги  
  Не е изгубен Не е повреден без рестрикции ползва се в читалня 173430 Регионална библиотека "Любен Каравелов" Русе Регионална библиотека "Любен Каравелов" Русе Хранилище 2013-10-21 Хранилище 25.00 120000770824 Цб ІІ 17268 120000770824 2 12.78 Дост: Dp Вид: Д N: 38 Дата: 17.09.2012 Книги Universal Decimal Classification
Vip Innovations Ltd, Rousse, Bulgaria 2025